Statistics for Rappers That Blew Up In 2020.

Click here to take the quiz!

General Stats

  • This quiz has been taken 10 times
  • The average score is 2 of 15

Answer Stats

HintAnswer% Correct
NonePop Smoke
89%
NoneFivio Foreign
33%
NoneKota the Friend
11%
NoneLil Loaded
11%
NoneRod Wave
11%
None22Gz
0%
None2KBABY
0%
NoneDee Watkins
0%
NoneDuke Deuce
0%
NoneKenny Mason
0%
NoneMAVI
0%
NoneMulatto
0%
NoneSherwood Marty
0%
NoneYGTUT
0%
NoneYung Baby Tate
0%

Score Distribution

Percentile by Number Answered

Percent of People with Each Score

Your Score History

You have not taken this quiz